[Event "EU-ch Cities&Town op"]
[Site "Tornelo INT"]
[Date "2023.01.29"]
[Round "?"]
[White "Kirichenko, Vitaly"]
[Black "Citak, Selim"]
[Result "1/2-1/2"]
[WhiteElo "2262"]
[BlackElo "2281"]
[PlyCount "40"]
[EventDate "2023.01.29"]
[EventType "team-swiss"]
[EventRounds "9"]
[EventCountry "NET"]
[SourceTitle "CBM 212 Extra"]
[Source "ChessBase"]
[SourceDate "2023.03.31"]
[SourceVersion "1"]
[SourceVersionDate "2023.03.31"]
[SourceQuality "1"]
[WhiteTeam "Kiev Region"]
[BlackTeam "Istanbul"]
[WhiteTeamCountry "UKR"]
[BlackTeamCountry "TUR"]

1. e4 e5 2. Nf3 Nf6 3. d4 Nxe4 4. Bd3 Nc6 5. dxe5 d5 6. exd6 Nxd6 7. 0-0 Be7 8. Nc3 0-0 9. Nd5 Bg4 10. Bf4 Re8 11. c3 Bf8 12. h3 Bh5 13. g4 Bg6 14. Bxg6 hxg6 15. Qb3 Na5 16. Qc2 c6 17. Ne3 Qf6 18. Ng2 Nac4 19. Rae1 Rxe1 20. Rxe1 Re8 1/2-1/2

[Event "Titled Tuesday intern op 13th July"]
[Site "Chess.com INT"]
[Date "2021.07.13"]
[Round "1"]
[White "Kirichenko, Vitaly"]
[Black "Woodward, Andy"]
[Result "0-1"]
[WhiteElo "2292"]
[BlackElo "2196"]
[PlyCount "68"]
[EventDate "2021.07.13"]
[EventType "swiss (blitz)"]
[EventRounds "11"]
[EventCountry "USA"]
[SourceTitle "CBM 203 Extra"]
[Source "ChessBase"]
[SourceDate "2021.09.30"]
[SourceVersion "1"]
[SourceVersionDate "2021.09.30"]
[SourceQuality "1"]

1. e4 c5 2. Nf3 d6 3. d4 cxd4 4. Nxd4 Nf6 5. Nc3 a6 6. Be2 e5 7. Nf3 Be7 8. Bg5 0-0 9. Bxf6 Bxf6 10. Qd2 Nc6 11. Nd5 Bg4 12. Rd1 Bxf3 13. Bxf3 Nd4 14. c3 Nxf3+ 15. gxf3 Bg5 16. Qd3 Qa5 17. a3 b5 18. 0-0 Qd8 19. Kh1 Qd7 20. Rg1 h6 21. Ne3 Qh3 22. Rg3 Qh5 23. Qxd6 Rad8 24. Qxe5 Qh4 25. Rxd8 Rxd8 26. Nf5 Bf6 27. Qc7 Qh5 28. Rxg7+ Kh8 29. Rg3 Rd2 30. Kg2 Kh7 31. Nd6 Be5 32. Qd8 Bxg3 33. hxg3 Rd1 34. Qf6 Qh1# 0-1

[Event "Titled Tuesday intern op 7th July"]
[Site "Chess.com INT"]
[Date "2020.07.07"]
[Round "4"]
[White "Kirichenko, Vitaly"]
[Black "Latreche, Khadidja"]
[Result "1-0"]
[WhiteElo "2292"]
[BlackElo "1900"]
[PlyCount "67"]
[EventDate "2020.07.07"]
[EventType "swiss (blitz)"]
[EventRounds "10"]
[EventCountry "USA"]
[SourceTitle "CBM 197 Extra"]
[Source "ChessBase"]
[SourceDate "2020.09.30"]
[SourceVersion "1"]
[SourceVersionDate "2020.09.30"]
[SourceQuality "1"]

1. d4 Nf6 2. c4 e6 3. Nf3 d5 4. e3 c5 5. cxd5 exd5 6. Bb5+ Nc6 7. 0-0 a6 8. Bxc6+ bxc6 9. b3 h6 10. Bb2 Bf5 11. Nbd2 Ne4 12. Nxe4 dxe4 13. Ne5 Qd5 14. dxc5 Bxc5 15. Qc2 Bd6 16. Rfd1 Qc5 17. Qxc5 Bxc5 18. Rac1 Be7 19. Nxc6 f6 20. Nxe7 Kxe7 21. Rc7+ Kf8 22. h3 h5 23. Rd5 Be6 24. Rd6 Bf5 25. Bxf6 gxf6 26. Rxf6+ Ke8 27. Rxf5 Rd8 28. Re5+ Kf8 29. Rxe4 Rd1+ 30. Kh2 Rd2 31. Rf4+ Ke8 32. a4 Kd8 33. Ra7 Rb2 34. Ra8+ 1-0

[Event "Titled Tuesday intern op 7th July"]
[Site "Chess.com INT"]
[Date "2020.07.07"]
[Round "1"]
[White "Kirichenko, Vitaly"]
[Black "Solovchuk, Alexey"]
[Result "1/2-1/2"]
[WhiteElo "2292"]
[BlackElo "2285"]
[PlyCount "51"]
[EventDate "2020.07.07"]
[EventType "swiss (blitz)"]
[EventRounds "10"]
[EventCountry "USA"]
[SourceTitle "CBM 197 Extra"]
[Source "ChessBase"]
[SourceDate "2020.09.30"]
[SourceVersion "1"]
[SourceVersionDate "2020.09.30"]
[SourceQuality "1"]

1. d4 Nf6 2. c4 e6 3. Nf3 b6 4. e3 Bb7 5. Bd3 c5 6. Nc3 Be7 7. 0-0 cxd4 8. exd4 0-0 9. d5 exd5 10. cxd5 Re8 11. Bf4 Bb4 12. Bg5 h6 13. Bh4 Bxc3 14. bxc3 Bxd5 15. Nd4 Nc6 16. Nf5 Be4 17. Nd6 Bxd3 18. Nxe8 Bxf1 19. Nxf6+ gxf6 20. Qg4+ Kf8 21. Qh5 Kg7 22. Qg4+ Kh7 23. Qf5+ Kg7 24. Qg4+ Kh7 25. Qf5+ Kg7 26. Qg4+ 1/2-1/2

[Event "Titled Tuesday intern op 7th July"]
[Site "Chess.com INT"]
[Date "2020.07.07"]
[Round "10"]
[White "Moreira, Ronaldo Alonso"]
[Black "Kirichenko, Vitaly"]
[Result "1/2-1/2"]
[WhiteElo "2088"]
[BlackElo "2292"]
[PlyCount "32"]
[EventDate "2020.07.07"]
[EventType "swiss (blitz)"]
[EventRounds "10"]
[EventCountry "USA"]
[SourceTitle "CBM 197 Extra"]
[Source "ChessBase"]
[SourceDate "2020.09.30"]
[SourceVersion "1"]
[SourceVersionDate "2020.09.30"]
[SourceQuality "1"]

1. d4 d5 2. c4 e6 3. Nc3 Be7 4. Nf3 Nf6 5. Bg5 h6 6. Bh4 dxc4 7. e3 c5 8. Bxc4 cxd4 9. exd4 Nc6 10. 0-0 0-0 11. Qd2 Nh5 12. Bxe7 Nxe7 13. d5 exd5 14. Nxd5 Nxd5 15. Qxd5 Qxd5 16. Bxd5 Nf6 1/2-1/2

[Event "Titled Tuesday intern op 30th June"]
[Site "Chess.com INT"]
[Date "2020.06.30"]
[Round "2"]
[White "Kirichenko, Vitaly"]
[Black "Tanaka, Taira Tyler"]
[Result "1/2-1/2"]
[WhiteElo "2292"]
[BlackElo "2106"]
[PlyCount "73"]
[EventDate "2020.06.30"]
[EventType "swiss (blitz)"]
[EventRounds "10"]
[EventCountry "USA"]
[SourceTitle "CBM 197 Extra"]
[Source "ChessBase"]
[SourceDate "2020.09.30"]
[SourceVersion "1"]
[SourceVersionDate "2020.09.30"]
[SourceQuality "1"]

1. e4 c6 2. d4 d5 3. e5 Bf5 4. c4 e6 5. Nc3 Ne7 6. a3 Nd7 7. c5 h6 8. Nge2 g5 9. Ng3 Bg6 10. Be2 Nf5 11. Nxf5 Bxf5 12. 0-0 Bg7 13. f4 Qe7 14. b4 Nf8 15. g4 Bh7 16. f5 f6 17. b5 exf5 18. bxc6 bxc6 19. Qa4 Qd7 20. Nxd5 fxe5 21. Nb6 axb6 22. Qxa8+ Ke7 23. cxb6 Ne6 24. b7 Qxd4+ 25. Kh1 f4 26. b8Q Be4+ 27. Bf3 Bxf3+ 28. Rxf3 Qd1+ 29. Kg2 Qe2+ 30. Rf2 Qxg4+ 31. Kf1 Qd1+ 32. Kg2 Rxb8 33. Qxb8 Qg4+ 34. Kf1 Qd1+ 35. Kg2 Qg4+ 36. Kf1 Qd1+ 37. Kg2 1/2-1/2

[Event "Titled Tuesday intern op 23rd June"]
[Site "Chess.com INT"]
[Date "2020.06.23"]
[Round "1"]
[White "Turgut, Aydin"]
[Black "Kirichenko, Vitaly"]
[Result "1-0"]
[WhiteElo "2269"]
[BlackElo "2292"]
[PlyCount "43"]
[EventDate "2020.06.23"]
[EventType "swiss (blitz)"]
[EventRounds "10"]
[EventCountry "USA"]
[SourceTitle "CBM 197 Extra"]
[Source "ChessBase"]
[SourceDate "2020.09.30"]
[SourceVersion "1"]
[SourceVersionDate "2020.09.30"]
[SourceQuality "1"]

1. e4 e5 2. Nf3 Nc6 3. Bc4 Bc5 4. 0-0 Nf6 5. d3 d6 6. c3 a5 7. a4 0-0 8. Nbd2 h6 9. Re1 Be6 10. h3 Bxc4 11. Nxc4 Ne7 12. d4 exd4 13. cxd4 Bb4 14. Bd2 d5 15. e5 Ne4 16. Bxb4 axb4 17. Ncd2 f5 18. exf6 Nxf6 19. Ne5 Nf5 20. Ndf3 Ne4 21. Qb3 Qd6 22. Rxe4 1-0

[Event "Titled Tuesday intern op 16th June"]
[Site "Chess.com INT"]
[Date "2020.06.16"]
[Round "9"]
[White "Bulmaga, Irina"]
[Black "Kirichenko, Vitaly"]
[Result "1-0"]
[WhiteElo "2440"]
[BlackElo "2292"]
[PlyCount "65"]
[EventDate "2020.06.16"]
[EventType "swiss (blitz)"]
[EventRounds "10"]
[EventCountry "USA"]
[SourceTitle "EXT 2021"]
[Source "ChessBase"]
[SourceDate "2020.10.23"]
[SourceVersion "1"]
[SourceVersionDate "2020.10.23"]
[SourceQuality "1"]

1. e4 e5 2. Nf3 Nc6 3. d4 exd4 4. Nxd4 Bb4+ 5. c3 Bc5 6. Be3 Bb6 7. Nf5 Qf6 8. Nd2 Nge7 9. Bxb6 axb6 10. Ne3 d6 11. Be2 0-0 12. 0-0 Qg6 13. f4 f5 14. Bc4+ Kh8 15. exf5 Nxf5 16. Nxf5 Bxf5 17. Qf3 Rae8 18. Rae1 Na5 19. Bd5 c6 20. Be4 Bxe4 21. Nxe4 Nc4 22. f5 Qh6 23. b3 Ne5 24. Qg3 Nf7 25. h4 d5 26. Ng5 Nxg5 27. hxg5 Qh5 28. Rxe8 Rxe8 29. f6 Qf7 30. Qh4 gxf6 31. gxf6 Rg8 32. Rf2 Rg6 33. Qf4 1-0

[Event "Titled Tuesday intern op 16th June"]
[Site "Chess.com INT"]
[Date "2020.06.16"]
[Round "1"]
[White "Djordjevic, Vuk D"]
[Black "Kirichenko, Vitaly"]
[Result "1-0"]
[WhiteElo "2347"]
[BlackElo "2292"]
[PlyCount "63"]
[EventDate "2020.06.16"]
[EventType "swiss (blitz)"]
[EventRounds "10"]
[EventCountry "USA"]
[SourceTitle "EXT 2021"]
[Source "ChessBase"]
[SourceDate "2020.10.23"]
[SourceVersion "1"]
[SourceVersionDate "2020.10.23"]
[SourceQuality "1"]

1. d4 d5 2. Bf4 c5 3. e3 Nc6 4. c3 e6 5. Nd2 Nf6 6. Ngf3 Nh5 7. Bg5 Be7 8. Bxe7 Qxe7 9. Bb5 Bd7 10. 0-0 Nf6 11. Nb3 Ne4 12. Nfd2 Nxd2 13. Qxd2 Nb8 14. Bxd7+ Nxd7 15. dxc5 Nxc5 16. Qd4 Ne4 17. Qxg7 0-0-0 18. Qd4 Kb8 19. f3 e5 20. Qd3 Nf6 21. Rad1 Rhg8 22. Qf5 Rg6 23. Rf2 Rdg8 24. Qc2 e4 25. fxe4 Nxe4 26. Re2 Qh4 27. Nd4 Qh3 28. Rf1 Rh6 29. Nf3 Rg3 30. c4 Rxf3 31. gxf3 Rg6+ 32. Rg2 1-0

[Event "Titled Tuesday intern op 16th June"]
[Site "Chess.com INT"]
[Date "2020.06.16"]
[Round "3"]
[White "Sadovsky, Artem"]
[Black "Kirichenko, Vitaly"]
[Result "1/2-1/2"]
[WhiteElo "2421"]
[BlackElo "2292"]
[PlyCount "60"]
[EventDate "2020.06.16"]
[EventType "swiss (blitz)"]
[EventRounds "10"]
[EventCountry "USA"]
[SourceTitle "EXT 2021"]
[Source "ChessBase"]
[SourceDate "2020.10.23"]
[SourceVersion "1"]
[SourceVersionDate "2020.10.23"]
[SourceQuality "1"]

1. Nf3 d5 2. g3 Nf6 3. Bg2 e6 4. 0-0 Be7 5. c4 dxc4 6. Qa4+ Nbd7 7. Qxc4 a6 8. Qc2 c5 9. d4 0-0 10. Rd1 cxd4 11. Nxd4 Nd5 12. Nc3 Nxc3 13. Qxc3 Nf6 14. Bf4 Nd5 15. Qb3 Nxf4 16. gxf4 Qa5 17. Bxb7 Bxb7 18. Qxb7 Bf6 19. Nc6 Qh5 20. Rd7 Qxe2 21. Rxf7 Rxf7 22. Qxa8+ Rf8 23. Qb7 Bh4 24. Ne7+ Kh8 25. Rf1 Bxe7 26. Qxe7 Qg4+ 27. Kh1 Qf3+ 28. Kg1 Qg4+ 29. Kh1 Qf3+ 30. Kg1 Qg4+ 1/2-1/2

[Event "Titled Tuesday intern op 9th June"]
[Site "Chess.com INT"]
[Date "2020.06.09"]
[Round "3"]
[White "Castillo Pena, Patricia Evarista"]
[Black "Kirichenko, Vitaly"]
[Result "0-1"]
[WhiteElo "1770"]
[BlackElo "2292"]
[PlyCount "58"]
[EventDate "2020.06.09"]
[EventType "swiss (blitz)"]
[EventRounds "10"]
[EventCountry "USA"]
[SourceTitle "CBM 196 Extra"]
[Source "ChessBase"]
[SourceDate "2020.07.31"]
[SourceVersion "1"]
[SourceVersionDate "2020.07.31"]
[SourceQuality "1"]

1. d4 Nf6 2. Nf3 c5 3. e3 d5 4. Bd3 c4 5. Be2 b5 6. b3 Bb7 7. a4 a6 8. 0-0 e6 9. axb5 axb5 10. Rxa8 Bxa8 11. bxc4 dxc4 12. Nc3 b4 13. Nb5 Bd5 14. Ne5 Qc8 15. Bd2 c3 16. Bc1 Nbd7 17. f4 Be7 18. f5 0-0 19. fxe6 fxe6 20. Bd3 Qb7 21. Qe2 Nxe5 22. dxe5 Ne4 23. Rxf8+ Bxf8 24. Nd4 Nc5 25. Qg4 Nxd3 26. cxd3 b3 27. e4 b2 28. Bxb2 cxb2 29. exd5 b1Q+ 0-1

[Event "Titled Tuesday intern op 9th June"]
[Site "Chess.com INT"]
[Date "2020.06.09"]
[Round "6"]
[White "Gevorgyan, David"]
[Black "Kirichenko, Vitaly"]
[Result "1-0"]
[WhiteElo "2316"]
[BlackElo "2292"]
[PlyCount "71"]
[EventDate "2020.06.09"]
[EventType "swiss (blitz)"]
[EventRounds "10"]
[EventCountry "USA"]
[SourceTitle "CBM 196 Extra"]
[Source "ChessBase"]
[SourceDate "2020.07.31"]
[SourceVersion "1"]
[SourceVersionDate "2020.07.31"]
[SourceQuality "1"]

1. Nf3 d5 2. g3 c6 3. Bg2 Bg4 4. 0-0 Nd7 5. d3 e6 6. Nbd2 Ngf6 7. b3 Be7 8. Bb2 0-0 9. e4 a5 10. a4 Nc5 11. e5 Nfd7 12. Qe2 Na6 13. h3 Bh5 14. g4 Bg6 15. Nh2 Nb4 16. Rac1 f6 17. exf6 Bxf6 18. Qxe6+ Kh8 19. Bxf6 Rxf6 20. Qe2 Qf8 21. Ndf3 Re8 22. Qd2 Rfe6 23. Rce1 Qc5 24. Rxe6 Rxe6 25. Re1 Rxe1+ 26. Nxe1 h6 27. Nhf3 Kh7 28. Nh4 Bf7 29. d4 Qe7 30. Nf5 Qf6 31. c3 Na6 32. Bf1 Bg6 33. Bd3 Nc7 34. Ng2 Ne6 35. Ngh4 Bxf5 36. Bxf5+ 1-0

[Event "Titled Tuesday intern op 9th June"]
[Site "Chess.com INT"]
[Date "2020.06.09"]
[Round "8"]
[White "Kirichenko, Vitaly"]
[Black "Sztokbant, Bernardo Vainzoff"]
[Result "1-0"]
[WhiteElo "2292"]
[BlackElo "2194"]
[PlyCount "77"]
[EventDate "2020.06.09"]
[EventType "swiss (blitz)"]
[EventRounds "10"]
[EventCountry "USA"]
[SourceTitle "CBM 196 Extra"]
[Source "ChessBase"]
[SourceDate "2020.07.31"]
[SourceVersion "1"]
[SourceVersionDate "2020.07.31"]
[SourceQuality "1"]

1. e4 c5 2. Nf3 d6 3. d4 cxd4 4. Nxd4 Nf6 5. Nc3 a6 6. Be2 e5 7. Nf3 Be7 8. Bg5 Be6 9. Bxf6 Bxf6 10. Qd2 Nc6 11. Rd1 Be7 12. Nd5 0-0 13. c3 Bxd5 14. Qxd5 Qc7 15. 0-0 Rad8 16. a4 g6 17. Bc4 Kg7 18. Qd3 f5 19. Bd5 fxe4 20. Qxe4 Rf4 21. Qe2 Rdf8 22. b4 a5 23. b5 Nb8 24. c4 Nd7 25. g3 R4f5 26. Nd2 Nc5 27. Ra1 b6 28. Ne4 Nxe4 29. Qxe4 Qc5 30. Ra2 Bg5 31. h4 Be3 32. Kg2 Bxf2 33. Be6 R5f6 34. Qb7+ Kh6 35. Bd5 Bxg3 36. Rxf6 Rxf6 37. Bg8 Rf2+ 38. Kh3 Rh2+ 39. Rxh2 1-0

[Event "Titled Tuesday intern op 6th June"]
[Site "Chess.com INT"]
[Date "2020.06.02"]
[Round "1"]
[White "Lagno, Kateryna"]
[Black "Kirichenko, Vitaly"]
[Result "1-0"]
[WhiteElo "2546"]
[BlackElo "2292"]
[PlyCount "55"]
[EventDate "2020.06.02"]
[EventType "swiss (blitz)"]
[EventRounds "10"]
[EventCountry "USA"]
[SourceTitle "CBM 196 Extra"]
[Source "ChessBase"]
[SourceDate "2020.07.31"]
[SourceVersion "1"]
[SourceVersionDate "2020.07.31"]
[SourceQuality "1"]

1. e4 e5 2. Nf3 Nc6 3. Bb5 a6 4. Ba4 Nf6 5. 0-0 Be7 6. d3 d6 7. c3 0-0 8. Nbd2 b5 9. Bc2 d5 10. Re1 d4 11. Nf1 dxc3 12. bxc3 b4 13. Ba4 Qd6 14. Bb2 Nd7 15. Ne3 bxc3 16. Bxc3 Nd4 17. Nc4 Qc5 18. Rb1 Nxf3+ 19. Qxf3 Bf6 20. Bb4 Qd4 21. Bxf8 Nxf8 22. Bc6 Ra7 23. Rb8 Be6 24. Qe3 Bxc4 25. dxc4 g6 26. Qxd4 exd4 27. e5 Be7 28. e6 1-0

[Event "UKR-ch sf"]
[Site "Alushta"]
[Date "2005.05.20"]
[Round "5"]
[White "Kirichenko, Vitaly"]
[Black "Iakymov, Volodymyr"]
[Result "0-1"]
[WhiteElo "2296"]
[BlackElo "2362"]
[PlyCount "71"]
[EventDate "2005.05.16"]
[EventType "swiss"]
[EventRounds "9"]
[EventCountry "UKR"]
[SourceTitle "CBM 106 Extra"]
[Source "ChessBase"]
[SourceDate "2005.07.01"]
[SourceVersion "1"]
[SourceVersionDate "2005.07.01"]
[SourceQuality "1"]

1. d4 d5 2. Nf3 e6 3. c4 c5 4. e3 Nf6 5. a3 cxd4 6. exd4 Be7 7. Nc3 0-0 8. Bd3 dxc4 9. Bxc4 Nc6 10. 0-0 b6 11. Qd3 Bb7 12. Rd1 Rc8 13. Bf4 Nh5 14. Be3 Na5 15. Ba6 Qc7 16. d5 Rfd8 17. Qb5 Nf4 18. Bxb7 Nxb7 19. dxe6 fxe6 20. Qa4 Nd3 21. Qxa7 Nxb2 22. Rxd8+ Bxd8 23. Nb5 Qd7 24. Nd6 Qxd6 25. Qxb7 Rb8 26. Qe4 Qd5 27. Qxd5 exd5 28. Bd4 Nc4 29. a4 Ra8 30. Kf1 Bf6 31. Bxf6 gxf6 32. Nd4 Rc8 33. Nb3 Kf7 34. g3 Rc5 35. a5 bxa5 36. Nxa5 0-1

[Event "UKR-ch sf"]
[Site "Alushta"]
[Date "2005.05.17"]
[Round "2"]
[White "Kirichenko, Vitaly"]
[Black "Tisevich, Roman"]
[Result "1-0"]
[WhiteElo "2296"]
[BlackElo "2377"]
[PlyCount "83"]
[EventDate "2005.05.16"]
[EventType "swiss"]
[EventRounds "9"]
[EventCountry "UKR"]
[SourceTitle "CBM 106 Extra"]
[Source "ChessBase"]
[SourceDate "2005.07.01"]
[SourceVersion "1"]
[SourceVersionDate "2005.07.01"]
[SourceQuality "1"]

1. d4 g6 2. e4 Bg7 3. Nf3 d6 4. Be2 Nf6 5. Nc3 0-0 6. 0-0 Bg4 7. h3 Bxf3 8. Bxf3 Nc6 9. Ne2 e6 10. c3 a5 11. b3 a4 12. b4 d5 13. e5 Nd7 14. Nf4 Nb6 15. Nd3 Nc4 16. Nc5 b5 17. Re1 Nb8 18. Bf4 Nd7 19. Nd3 a3 20. Qc1 Nb2 21. Nxb2 axb2 22. Qxb2 Nb6 23. Bd1 Qd7 24. Bb3 h6 25. Qd2 Kh7 26. Re2 Rh8 27. Qd3 Kg8 28. h4 Kf8 29. Rae1 Ke7 30. h5 g5 31. Bc1 Rag8 32. f4 gxf4 33. Bxf4 Bf8 34. Rf2 Ke8 35. Ref1 Be7 36. Bc2 Rg7 37. Qh3 Qd8 38. Bc1 Bg5 39. Rxf7 Rxf7 40. Bg6 Qd7 41. Rxf7 Bxc1 42. Rh7+ 1-0

[Event "Kiev Independence Cup 1st"]
[Site "Kiev"]
[Date "2001.08.23"]
[Round "?"]
[White "Kirichenko, Vitaly"]
[Black "Fingerov, Dmitry"]
[Result "0-1"]
[WhiteElo "2282"]
[BlackElo "2407"]
[PlyCount "64"]
[EventDate "2001.08.??"]
[EventType "swiss"]
[EventRounds "11"]
[EventCountry "UKR"]
[SourceTitle "EXT 2003"]
[Source "ChessBase"]
[SourceDate "2002.11.25"]
[SourceVersion "1"]
[SourceVersionDate "2002.11.25"]
[SourceQuality "1"]

1. d4 d5 2. c4 dxc4 3. Nf3 c5 4. e4 cxd4 5. Qxd4 Qxd4 6. Nxd4 Nf6 7. Nc3 e5 8. Ndb5 Na6 9. Bxc4 Bc5 10. a3 0-0 11. b4 Bb6 12. Bb2 Bd7 13. Nd6 Nc7 14. Nxb7 Be6 15. Bxe6 Nxe6 16. Nd5 Nxd5 17. exd5 Nf4 18. 0-0-0 e4 19. Nc5 Rac8 20. Bd4 Rfd8 21. Kb1 Rxd5 22. Be3 Rxd1+ 23. Rxd1 Nxg2 24. Bc1 f5 25. Rd5 Rf8 26. Nd7 Rf7 27. Ne5 Re7 28. a4 Re8 29. Nc4 Bxf2 30. Rd2 e3 31. Nxe3 Bxe3 32. Rxg2 f4 0-1

[Event "Kiev Independence Cup 1st"]
[Site "Kiev"]
[Date "2001.08.21"]
[Round "?"]
[White "Kirichenko, Vitaly"]
[Black "Demkovich, Anatoliy"]
[Result "1-0"]
[WhiteElo "2282"]
[BlackElo "2425"]
[PlyCount "101"]
[EventDate "2001.08.??"]
[EventType "swiss"]
[EventRounds "11"]
[EventCountry "UKR"]
[SourceTitle "EXT 2003"]
[Source "ChessBase"]
[SourceDate "2002.11.25"]
[SourceVersion "1"]
[SourceVersionDate "2002.11.25"]
[SourceQuality "1"]

1. d4 d5 2. c4 c5 3. cxd5 Nf6 4. dxc5 Qxd5 5. Qxd5 Nxd5 6. e4 Nb4 7. Kd1 Bg4+ 8. Nf3 N8c6 9. Be3 Rd8+ 10. Nbd2 e5 11. a3 Nd3 12. Bxd3 Rxd3 13. Ke2 Rd8 14. b4 Be7 15. Rhd1 0-0 16. h3 Be6 17. Rac1 a5 18. b5 Nd4+ 19. Bxd4 exd4 20. Nb1 Ba2 21. c6 bxc6 22. bxc6 Bd6 23. Rxd4 Bf4 24. Nbd2 f6 25. Rc2 Be6 26. Nc4 Bc8 27. Rxd8 Rxd8 28. a4 Ba6 29. g3 Bc7 30. Ke3 Bb8 31. Ne1 Ba7+ 32. Kf3 Kf7 33. c7 Rd7 34. Ne3 Bxe3 35. Kxe3 Bc8 36. Nf3 Rd1 37. Nd4 Ke7 38. Nb5 Kd7 39. Na7 Rd6 40. Rd2 Rxd2 41. Kxd2 Kxc7 42. Nxc8 Kxc8 43. Kc3 Kc7 44. Kc4 Kc6 45. f4 g5 46. fxg5 fxg5 47. e5 h5 48. Kd4 Kd7 49. Kd5 h4 50. g4 Ke7 51. e6 1-0

[Event "Kiev Independence Cup 1st"]
[Site "Kiev"]
[Date "2001.08.16"]
[Round "?"]
[White "Sidorchuk, Dmitry"]
[Black "Kirichenko, Vitaly"]
[Result "1/2-1/2"]
[WhiteElo "2247"]
[BlackElo "2282"]
[PlyCount "70"]
[EventDate "2001.08.??"]
[EventType "swiss"]
[EventRounds "11"]
[EventCountry "UKR"]
[SourceTitle "EXT 2003"]
[Source "ChessBase"]
[SourceDate "2002.11.25"]
[SourceVersion "1"]
[SourceVersionDate "2002.11.25"]
[SourceQuality "1"]

1. d4 d5 2. c4 dxc4 3. Nf3 Nf6 4. e3 e6 5. Bxc4 c5 6. 0-0 a6 7. Qe2 b5 8. Bb3 Bb7 9. Rd1 Nbd7 10. Nc3 Qc7 11. d5 c4 12. dxe6 fxe6 13. Bc2 Bc5 14. Nd4 0-0-0 15. b4 Bxb4 16. Ncxb5 axb5 17. Nxb5 Qa5 18. Qxc4+ Kb8 19. Bb2 Rc8 20. Qf4+ Ka8 21. a3 Be7 22. Bd3 Nd5 23. Qg4 h5 24. Qh3 Nc5 25. Bf1 Rhd8 26. Rab1 Bf6 27. Qxh5 Bxb2 28. Rxb2 Nf6 29. Qe2 Rxd1 30. Qxd1 Rd8 31. Qc1 Na6 32. Qb1 Be4 33. Qc1 Bb7 34. Qb1 Be4 35. Qc1 Bb7 1/2-1/2